| 000 | 00810cam a22002653a 4500 | ||
|---|---|---|---|
| 001 | 937 | ||
| 003 | PGUSA | ||
| 005 | 20140828082954.0 | ||
| 008 | 970601s1997||||xxu|||||s|||||000 p eng d | ||
| 040 |
_aPGUSA _beng |
||
| 042 | _adc | ||
| 050 | 4 | _aPS | |
| 100 | 1 |
_aRyan, Abram Joseph, _d1839-1886 |
|
| 245 | 1 | 0 |
_aPoems : _bPatriotic, Religious, Miscellaneous _h[electronic resource] / _cAbram Joseph Ryan |
| 260 |
_bProject Gutenberg, _c1997 |
||
| 506 | _aPublic domain in the USA. | ||
| 516 | _aElectronic text | ||
| 653 | _aPatriotism -- Poetry | ||
| 653 | _aReligion -- Poetry | ||
| 653 | _aUnited States -- History -- Civil War, 1861-1865 -- Poetry | ||
| 653 | _aAmerican poetry -- 19th century | ||
| 830 | 0 |
_aProject Gutenberg _v937 |
|
| 856 | 4 | 0 | _uhttp://www.gutenberg.org/ebooks/937 |
| 942 | _cEB | ||
| 999 |
_c230288 _d230288 |
||